Historia de la India

Na minha lista:
Detalhes bibliográficos
Autor principal: Meile, Pierre (autor)
Formato: Livro
Idioma:espanhol
Publicado em: Buenos Aires Eudeba 1962
Colecção:Biblioteca de Asia y Africa
Assuntos:
Tags: Adicionar Tag
Sem tags, seja o primeiro a adicionar uma tag!

MARC

LEADER 00000nam a2200000 a 4500
001 UCO2273
003 CL-VaPUC
008 000602e19620000AG |||||||||||||||||spa|d
082 0 4 |a 954  |b MEI  |2 21 
100 |a Meile, Pierre  |e autor  |9 445284 
245 1 0 |a Historia de la India 
300 |a 125 p 
942 |c BK 
945 |d 20000602 00:00:00  |a rherrera 
260 |a Buenos Aires  |b Eudeba  |c 1962 
650 7 |a HISTORIA DE LA INDIA  |2 CL-VaPUC  |9 438922 
650 0 |a Hinduismo  |9 265212 
650 0 |a Musulmanes  |9 332296 
650 0 |a Islamismo  |9 314084 
650 7 |a COLONIAS INGLESAS  |2 CL-VaPUC  |9 433674 
651 0 |a India  |9 267804 
651 0 |a Inglaterra  |9 255158 
583 |a last modification  |c 20000602 00:00:00  |k Rodrigo Vera 
490 0 |a Biblioteca de Asia y Africa 
999 |c 288809  |d 288807 
952 |0 0  |1 0  |4 0  |6 954_000000000000000_MEI_1962  |7 0  |8 A  |9 336737  |a BIBHIS  |b BIBHIS  |d 2019-11-20  |i 1284363  |l 1  |o 954 MEI 1962  |p 1284363  |r 2025-01-20  |s 2024-10-09  |w 2019-11-20  |y BK  |k HIS